Welcome to the Holygrace Academy Library

Please use search bar below to get started

SKILLS IN SPELLING (Record no. 4039)

MARC details
000 -LEADER
fixed length control field 00241nam a22001217a 4500
082 ## - DEWEY DECIMAL CLASSIFICATION NUMBER
Classification number 425
Item number PRO/S
100 ## - MAIN ENTRY--AUTHOR NAME
Personal name PROUSE,PETER
245 ## - TITLE STATEMENT
Title SKILLS IN SPELLING
260 ## - PUBLICATION, DISTRIBUTION, ETC. (IMPRINT)
Place of publication USA
Name of publisher HARDBOUND
300 ## - PHYSICAL DESCRIPTION
Number of Pages 136
650 ## - SUBJECT ADDED ENTRY--TOPICAL TERM
Topical Term VOCABULARY
942 ## - ADDED ENTRY ELEMENTS (KOHA)
Koha item type Books
Holdings
Withdrawn status Lost status Collection code Home library Current library Shelving location Date acquired Source of acquisition Full call number Accession Number Koha item type
    Reference Main Library Main Library SHELF-16D -ENGLISH GRAMMAR ,POEMS 11/03/2002 PURCHASE 425 PRO/S 00792 Books